000 00982nam a22003610a 4500
001 PT43982
003 AR-LpoUNG
005 20260120131255.0
008 201001s2011||||ag |||||||||||||||||spa d
020 _a9789875745414
_c$41
040 _aAR-LpoUNG
_bspa
_eaacr
041 _aspa
044 _aag
082 0 _a982 285tre
100 1 _aGayol, Sandra
_ecomp.
245 1 0 _aTres momentos de la cultura argentina :
_b1810 - 1910 - 2010
250 _a1ra. ed.
260 _aBuenos Aires :
_bUniversidad Nacional de General Sarmiento - Prometeo,
_c2011.
300 _a343 p. :
_bfot.
490 0 _aHumanidades - Bicentenario
650 4 _aANALISIS HISTORICO
650 4 _aANALISIS SOCIOLOGICO
650 4 _aCULTURA
650 4 _aHISTORIA
650 4 _aHISTORIA SOCIAL
650 4 _aIDENTIDAD CULTURAL
650 4 _aPOBLACION
650 4 _aSOCIEDAD
651 4 _aArgentina
700 1 _aBattiecuore, Graciela
_ecomp.
905 _a43982
942 _cLIB
_2ddc
999 _c50959
_d50959